000 00795nam a22001937a 4500
999 _c7029
_d7029
003 CISL
005 20260112023256.0
008 260112t2024 bg |||g |||| 000 f|ben|d
020 _a9847030700989
040 _cCISL
082 _222
_a891.44371
_bCSP
100 _aচট্টোপাধ্যায়, শরৎচন্দ্র
_4Sarat Chandra Chattopadhyay
245 _aপরিণীতা ও নারীর মূল্য /
_cশরৎচন্দ্র চট্টোপাধ্যায়
260 _aঢাকা:
_bনাঈম বুকস ইন্টারন্যাশনাল,
_c[c2024]
300 _a১০৭ পৃ.
_b২১.০৫ সে.মি.
650 _xBengali literature
_xNovel
_zBangladesh
650 _xJuvenile Literature
942 _2ddc
_cBK